[Event "Najdorf Memorial"]
[Site "Warsaw POL"]
[Date "2021.07.16"]
[Round "7.1"]
[White "Noe, Christopher"]
[Black "Mickiewicz, Piotr"]
[Result "1-0"]
[WhiteElo "2527"]
[BlackElo "2247"]
[EventDate "2021.07.10"]
[PlyCount "77"]
[LiveChessVersion "1.4.8"]

1.d4 {[%clk 1:30:56]} 1...Nf6 {[%clk 1:27:20]} 2.c4 {[%clk 1:31:12]} 2...g6
{[%clk 1:26:42]} 3.Nc3 {[%clk 1:31:35]} 3...Bg7 {[%clk 1:27:04]} 4.e4 {[%clk
1:31:55]} 4...d6 {[%clk 1:27:31]} 5.f3 {[%clk 1:31:46]} 5...O-O {[%clk 1:27:26]}
6.Nge2 {[%clk 1:32:10]} 6...c5 {[%clk 1:27:18]} 7.d5 {[%clk 1:32:33]} 7...e6
{[%clk 1:27:35]} 8.Ng3 {[%clk 1:32:38]} 8...exd5 {[%clk 1:27:47]} 9.cxd5 {[%clk
1:33:02]} 9...a6 {[%clk 1:28:12]} 10.a4 {[%clk 1:33:07]} 10...h5 {[%clk
1:27:59]} 11.Bg5 {[%clk 1:29:51]} 11...Nbd7 12.Be2 {[%clk 1:12:45]} 12...Re8
{[%clk 1:27:27]} 13.O-O {[%clk 1:10:00]} 13...Nf8 {[%clk 1:22:19]} 14.Qd2
{[%clk 1:03:04]} 14...N8h7 {[%clk 1:22:01]} 15.Be3 {[%clk 1:03:04]} 15...h4
{[%clk 1:20:31]} 16.Nh1 {[%clk 1:03:28]} 16...Nh5 {[%clk 1:16:42]} 17.Nf2
{[%clk 0:55:17]} 17...f5 {[%clk 0:22:28]} 18.Bd3 {[%clk 0:45:45]} 18...f4
{[%clk 0:21:04]} 19.Bxf4 {[%clk 0:46:09]} 19...Nxf4 {[%clk 0:21:32]} 20.Qxf4
{[%clk 0:46:30]} 20...Rf8 {[%clk 0:19:40]} 21.Qd2 {[%clk 0:39:59]} 21...h3
{[%clk 0:16:01]} 22.Nxh3 {[%clk 0:39:39]} 22...Bxh3 {[%clk 0:14:54]} 23.gxh3
{[%clk 0:40:06]} 23...Qh4 {[%clk 0:13:32]} 24.f4 {[%clk 0:37:07]} 24...Bh6
{[%clk 0:08:01]} 25.Ne2 {[%clk 0:36:10]} 25...Qxh3 {[%clk 0:06:54]} 26.Kh1
{[%clk 0:33:38]} 26...Nf6 {[%clk 0:04:41]} 27.Ng1 {[%clk 0:31:41]} 27...Qh5
{[%clk 0:02:55]} 28.Qg2 {[%clk 0:31:01]} 28...Kh8 {[%clk 0:01:42]} 29.Be2
{[%clk 0:30:54]} 29...Qh4 {[%clk 0:02:04]} 30.Ra3 {[%clk 0:31:18]} 30...Nh5
{[%clk 0:01:45]} 31.Rh3 {[%clk 0:28:57]} 31...Qf6 {[%clk 0:02:07]} 32.f5 {[%clk
0:28:46]} 32...Qg7 {[%clk 0:00:39]} 33.Qxg6 {[%clk 0:28:45]} 33...Qxg6 {[%clk
0:01:03]} 34.fxg6 {[%clk 0:29:10]} 34...Rxf1 {[%clk 0:00:38]} 35.Bxf1 {[%clk
0:29:34]} 35...Nf4 {[%clk 0:00:31]} 36.Rxh6+ {[%clk 0:29:56]} 36...Kg7 {[%clk
0:00:52]} 37.Rh7+ {[%clk 0:30:20]} 37...Kxg6 {[%clk 0:01:05]} 38.Rd7 {[%clk
0:29:04]} 38...Re8 {[%clk 0:01:04]} 39.Rxd6+ {[%clk 0:29:27]} 1-0

[Event "Najdorf Memorial"]
[Site "Warsaw POL"]
[Date "2021.07.16"]
[Round "7.2"]
[White "Donchenko, Alexander"]
[Black "Niedbala, Bartlomiej"]
[Result "1/2-1/2"]
[WhiteElo "2652"]
[BlackElo "2360"]
[EventDate "2021.07.10"]
[PlyCount "250"]
[LiveChessVersion "1.4.8"]

1.d4 {[%clk 1:30:57]} 1...Nf6 {[%clk 1:30:28]} 2.c4 {[%clk 1:31:15]} 2...e6
{[%clk 1:30:48]} 3.g3 {[%clk 1:28:53]} 3...d5 {[%clk 1:29:12]} 4.Bg2 {[%clk
1:29:17]} 4...dxc4 {[%clk 1:29:10]} 5.Qa4+ {[%clk 1:28:47]} 5...Nbd7 {[%clk
1:22:47]} 6.Qxc4 {[%clk 1:28:55]} 6...a6 {[%clk 1:17:58]} 7.Be3 {[%clk 1:28:38]}
7...Bd6 {[%clk 1:10:29]} 8.Nh3 {[%clk 1:28:50]} 8...O-O {[%clk 1:05:08]} 9.Nc3
{[%clk 1:28:33]} 9...b5 {[%clk 0:57:30]} 10.Qd3 {[%clk 1:16:48]} 10...Rb8
{[%clk 0:57:47]} 11.Ng5 {[%clk 1:12:43]} 11...c5 {[%clk 0:35:02]} 12.Rd1 {[%clk
1:02:58]} 12...c4 {[%clk 0:33:14]} 13.Qb1 {[%clk 0:57:39]} 13...h6 {[%clk
0:27:01]} 14.h4 {[%clk 0:57:20]} 14...b4 {[%clk 0:22:49]} 15.Nce4 {[%clk
0:56:23]} 15...Nxe4 {[%clk 0:21:43]} 16.Nxe4 {[%clk 0:55:07]} 16...Be7 {[%clk
0:19:30]} 17.d5 {[%clk 0:43:41]} 17...exd5 {[%clk 0:11:00]} 18.Rxd5 {[%clk
0:42:56]} 18...Bb7 {[%clk 0:07:21]} 19.Ng5 {[%clk 0:31:42]} 19...Bxg5 {[%clk
0:06:55]} 20.hxg5 {[%clk 0:31:07]} 20...Bxd5 {[%clk 0:04:35]} 21.Bxd5 {[%clk
0:31:17]} 21...Ne5 {[%clk 0:02:25]} 22.Qe4 {[%clk 0:26:18]} 22...Rb5 {[%clk
0:02:47]} 23.Bxc4 {[%clk 0:26:03]} 23...Nxc4 {[%clk 0:02:19]} 24.Qxc4 {[%clk
0:26:31]} 24...Rxg5 {[%clk 0:00:39]} 25.Bxg5 {[%clk 0:25:06]} 25...Qxg5 {[%clk
0:01:03]} 26.Rh4 {[%clk 0:24:06]} 26...a5 {[%clk 0:00:34]} 27.Rf4 {[%clk
0:23:09]} 27...Qe5 {[%clk 0:00:36]} 28.Rd4 {[%clk 0:21:33]} 28...Qf5 {[%clk
0:00:33]} 29.Qd3 {[%clk 0:20:42]} 29...Qc5 {[%clk 0:00:32]} 30.b3 {[%clk
0:20:09]} 30...Qc1+ {[%clk 0:00:44]} 31.Qd1 {[%clk 0:20:37]} 31...Qc3+ {[%clk
0:00:35]} 32.Kf1 {[%clk 0:20:59]} 32...Qc6 {[%clk 0:00:33]} 33.Kg1 {[%clk
0:21:07]} 33...Re8 {[%clk 0:00:34]} 34.e3 {[%clk 0:20:46]} 34...Qc7 {[%clk
0:00:34]} 35.Rd7 {[%clk 0:20:31]} 35...Qe5 {[%clk 0:00:33]} 36.Qd5 {[%clk
0:15:32]} 36...Qe6 {[%clk 0:00:32]} 37.Kg2 {[%clk 0:14:44]} 37...Qxd5+ {[%clk
0:00:32]} 38.Rxd5 {[%clk 0:15:12]} 38...Ra8 {[%clk 0:00:42]} 39.Kf3 {[%clk
0:15:28]} 39...g6 {[%clk 0:00:56]} 40.g4 {[%clk 0:43:39]} 40...Kg7 {[%clk
0:30:38]} 41.Ke4 {[%clk 0:42:56]} 41...a4 {[%clk 0:14:40]} 42.Rb5 {[%clk
0:42:45]} 42...axb3 {[%clk 0:14:21]} 43.axb3 {[%clk 0:43:13]} 43...Ra2 {[%clk
0:14:39]} 44.Kf3 {[%clk 0:39:05]} 44...Rb2 {[%clk 0:14:49]} 45.Rxb4 {[%clk
0:39:29]} 45...h5 {[%clk 0:06:56]} 46.g5 {[%clk 0:29:13]} 46...h4 {[%clk
0:04:11]} 47.Rxh4 {[%clk 0:24:34]} 47...Rxb3 {[%clk 0:04:35]} 48.Ra4 {[%clk
0:24:47]} 48...Rb2 {[%clk 0:03:48]} 49.Kg3 {[%clk 0:24:54]} 49...Rb3 {[%clk
0:04:06]} 50.Ra1 {[%clk 0:22:44]} 50...Kg8 {[%clk 0:04:01]} 51.Rd1 {[%clk
0:23:06]} 51...Kg7 {[%clk 0:04:01]} 52.Kg4 {[%clk 0:23:25]} 52...Rc3 {[%clk
0:03:41]} 53.e4 {[%clk 0:22:00]} 53...Rc4 {[%clk 0:04:04]} 54.Kf4 {[%clk
0:22:17]} 54...Rb4 {[%clk 0:04:03]} 55.Ke5 {[%clk 0:21:41]} 55...Rb6 {[%clk
0:02:45]} 56.Rd5 {[%clk 0:19:48]} 56...Ra6 {[%clk 0:01:57]} 57.f4 {[%clk
0:20:01]} 57...Rb6 {[%clk 0:01:08]} 58.Rc5 {[%clk 0:17:45]} 58...Ra6 {[%clk
0:01:11]} 59.Kd5 {[%clk 0:17:19]} 59...Rb6 {[%clk 0:01:21]} 60.Ra5 {[%clk
0:15:53]} 60...Rb1 {[%clk 0:00:49]} 61.Ra7 {[%clk 0:14:42]} 61...Rd1+ {[%clk
0:00:34]} 62.Ke5 {[%clk 0:14:54]} 62...Rd2 {[%clk 0:00:47]} 63.f5 {[%clk
0:14:46]} 63...gxf5 {[%clk 0:00:53]} 64.exf5 {[%clk 0:15:14]} 64...Re2+ {[%clk
0:01:11]} 65.Kf4 {[%clk 0:15:32]} 65...Kg8 {[%clk 0:00:34]} 66.Rb7 {[%clk
0:05:49]} 66...Re1 {[%clk 0:00:57]} 67.Rd7 {[%clk 0:06:03]} 67...Re2 {[%clk
0:00:39]} 68.Rd8+ {[%clk 0:04:46]} 68...Kh7 {[%clk 0:00:53]} 69.Rd6 {[%clk
0:04:45]} 69...Kg8 {[%clk 0:00:40]} 70.Rh6 {[%clk 0:04:27]} 70...Re1 {[%clk
0:00:50]} 71.Rh4 {[%clk 0:04:24]} 71...Re2 {[%clk 0:00:34]} 72.f6 {[%clk
0:04:25]} 72...Rc2 {[%clk 0:00:33]} 73.Kf5 {[%clk 0:03:13]} 73...Rc5+ {[%clk
0:00:45]} 74.Kg4 {[%clk 0:03:42]} 74...Rc1 {[%clk 0:01:01]} 75.Rh3 {[%clk
0:03:41]} 75...Rd1 {[%clk 0:00:50]} 76.Re3 {[%clk 0:03:36]} 76...Rg1+ {[%clk
0:01:07]} 77.Kf4 {[%clk 0:04:00]} 77...Rf1+ {[%clk 0:01:22]} 78.Ke5 {[%clk
0:02:41]} 78...Rd1 {[%clk 0:00:36]} 79.Re4 {[%clk 0:01:48]} 79...Rd2 {[%clk
0:00:56]} 80.Rh4 {[%clk 0:01:30]} 80...Rd1 {[%clk 0:01:13]} 81.Rd4 {[%clk
0:01:22]} 81...Re1+ {[%clk 0:01:15]} 82.Kf5 {[%clk 0:01:42]} 82...Rf1+ {[%clk
0:01:37]} 83.Rf4 {[%clk 0:02:10]} 83...Re1 {[%clk 0:01:58]} 84.Rg4 {[%clk
0:02:02]} 84...Re2 {[%clk 0:01:58]} 85.Rg1 {[%clk 0:02:27]} 85...Rf2+ {[%clk
0:01:46]} 86.Ke5 {[%clk 0:02:55]} 86...Re2+ {[%clk 0:02:12]} 87.Kf4 {[%clk
0:01:28]} 87...Rf2+ {[%clk 0:02:29]} 88.Kg4 {[%clk 0:01:44]} 88...Rd2 {[%clk
0:01:20]} 89.Re1 {[%clk 0:01:30]} 89...Rg2+ {[%clk 0:00:52]} 90.Kf4 {[%clk
0:01:58]} 90...Rf2+ {[%clk 0:00:50]} 91.Kg3 {[%clk 0:01:55]} 91...Rd2 {[%clk
0:01:09]} 92.Kg4 {[%clk 0:00:47]} 92...Rg2+ {[%clk 0:01:29]} 93.Kf5 {[%clk
0:01:15]} 93...Rf2+ {[%clk 0:01:53]} 94.Ke5 {[%clk 0:01:43]} 94...Rd2 {[%clk
0:02:19]} 95.Rh1 {[%clk 0:01:38]} 95...Re2+ {[%clk 0:02:44]} 96.Kf4 {[%clk
0:01:36]} 96...Rf2+ {[%clk 0:03:02]} 97.Kg3 {[%clk 0:02:02]} 97...Rd2 {[%clk
0:02:30]} 98.Rh4 {[%clk 0:01:44]} 98...Rd3+ {[%clk 0:02:47]} 99.Kg4 {[%clk
0:02:11]} 99...Rd1 {[%clk 0:03:03]} 100.Rh3 {[%clk 0:01:51]} 100...Rg1+ {[%clk
0:03:13]} 101.Kf4 {[%clk 0:02:16]} 101...Rf1+ 102.Rf3 {[%clk 0:02:20]}
102...Re1 {[%clk 0:03:09]} 103.Kf5 {[%clk 0:02:36]} 103...Re2 {[%clk 0:03:25]}
104.Rf1 {[%clk 0:02:31]} 104...Rg2 {[%clk 0:02:25]} 105.Rf4 {[%clk 0:02:38]}
105...Rg1 {[%clk 0:02:28]} 106.Re4 {[%clk 0:02:43]} 106...Rf1+ {[%clk 0:02:54]}
107.Ke5 {[%clk 0:03:11]} 107...Rd1 {[%clk 0:03:20]} 108.Rc4 {[%clk 0:01:39]}
108...Re1+ {[%clk 0:02:09]} 109.Kd5 {[%clk 0:01:33]} 109...Rg1 {[%clk 0:01:00]}
110.Rc8+ {[%clk 0:01:54]} 110...Kh7 {[%clk 0:01:29]} 111.Kd6 {[%clk 0:02:17]}
111...Ra1 {[%clk 0:00:50]} 112.Rf8 {[%clk 0:00:38]} 112...Ra7 {[%clk 0:01:17]}
113.Ke5 {[%clk 0:00:51]} 113...Ra5+ {[%clk 0:01:04]} 114.Kd6 {[%clk 0:00:56]}
114...Ra7 {[%clk 0:01:26]} 115.Re8 {[%clk 0:01:01]} 115...Ra6+ {[%clk 0:01:11]}
116.Ke7 {[%clk 0:01:23]} 116...Ra7+ {[%clk 0:01:39]} 117.Kf8 {[%clk 0:01:44]}
117...Kg6 {[%clk 0:01:51]} 118.Kg8 {[%clk 0:02:12]} 118...Ra1 {[%clk 0:01:47]}
119.Rf8 {[%clk 0:02:33]} 119...Kxg5 {[%clk 0:00:34]} 120.Kg7 {[%clk 0:02:33]}
120...Ra6 {[%clk 0:00:37]} 121.Rxf7 {[%clk 0:02:51]} 121...Rb6 {[%clk 0:00:59]}
122.Rf8 {[%clk 0:03:12]} 122...Ra6 {[%clk 0:01:24]} 123.Re8 {[%clk 0:00:53]}
123...Rxf6 {[%clk 0:01:49]} 124.Re5+ {[%clk 0:01:20]} 124...Rf5 {[%clk 0:02:17]}
125.Rxf5+ {[%clk 0:01:45]} 125...Kxf5 {[%clk 0:02:45]} 1/2-1/2

[Event "Najdorf Memorial"]
[Site "Warsaw POL"]
[Date "2021.07.16"]
[Round "7.3"]
[White "Dragun, Kamil"]
[Black "Tomczak, Jacek"]
[Result "0-1"]
[WhiteElo "2557"]
[BlackElo "2603"]
[EventDate "2021.07.10"]
[PlyCount "54"]
[LiveChessVersion "1.4.8"]

1.Nf3 {[%clk 1:30:53]} 1...d5 {[%clk 1:30:50]} 2.g3 {[%clk 1:29:35]} 2...Nd7
{[%clk 1:31:11]} 3.Bg2 {[%clk 1:27:45]} 3...e5 {[%clk 1:31:31]} 4.O-O {[%clk
1:28:04]} 4...Bd6 {[%clk 1:31:45]} 5.d3 {[%clk 1:24:27]} 5...Ngf6 {[%clk
1:31:30]} 6.c4 {[%clk 1:21:35]} 6...c6 {[%clk 1:31:14]} 7.Nc3 {[%clk 1:04:02]}
7...O-O {[%clk 1:28:02]} 8.e4 {[%clk 1:02:53]} 8...d4 {[%clk 1:22:24]} 9.Ne2
{[%clk 1:02:52]} 9...a5 {[%clk 1:22:49]} 10.Nh4 {[%clk 1:02:44]} 10...a4 {[%clk
1:05:33]} 11.Nf5 {[%clk 1:00:59]} 11...Nc5 {[%clk 1:04:56]} 12.Nxd6 {[%clk
0:55:44]} 12...Qxd6 {[%clk 1:05:14]} 13.f4 {[%clk 0:56:03]} 13...Ng4 {[%clk
0:54:15]} 14.h3 {[%clk 0:30:42]} 14...Ne3 {[%clk 0:54:09]} 15.fxe5 {[%clk
0:30:14]} 15...Qh6 {[%clk 0:53:50]} 16.Bxe3 {[%clk 0:29:17]} 16...Qxe3+ {[%clk
0:54:06]} 17.Kh2 {[%clk 0:29:45]} 17...Nxd3 {[%clk 0:46:20]} 18.Rf3 {[%clk
0:12:10]} 18...Nxb2 {[%clk 0:46:37]} 19.Qe1 {[%clk 0:12:38]} 19...Qg5 {[%clk
0:43:30]} 20.Qb4 {[%clk 0:13:06]} 20...a3 {[%clk 0:43:24]} 21.Nxd4 {[%clk
0:08:47]} 21...Qxe5 {[%clk 0:18:21]} 22.Nc2 {[%clk 0:09:12]} 22...Ra4 {[%clk
0:14:35]} 23.Qb3 {[%clk 0:09:41]} 23...Rxc4 {[%clk 0:13:41]} 24.Nxa3 {[%clk
0:10:06]} 24...Rxe4 {[%clk 0:12:52]} 25.Raf1 {[%clk 0:10:02]} 25...Be6 {[%clk
0:11:30]} 26.Qxb7 {[%clk 0:10:25]} 26...Re2 {[%clk 0:10:45]} 27.R3f2 {[%clk
0:09:48]} 27...Nd1 {[%clk 0:08:28]} 0-1

[Event "Najdorf Memorial"]
[Site "Warsaw POL"]
[Date "2021.07.16"]
[Round "7.4"]
[White "Kosakowski, Jakub"]
[Black "Rozentalis, Eduardas"]
[Result "1/2-1/2"]
[WhiteElo "2417"]
[BlackElo "2526"]
[EventDate "2021.07.10"]
[PlyCount "31"]
[LiveChessVersion "1.4.8"]

1.e4 {[%clk 1:30:51]} 1...e6 {[%clk 1:30:48]} 2.d4 {[%clk 1:30:46]} 2...d5
{[%clk 1:31:13]} 3.exd5 {[%clk 1:30:22]} 3...exd5 {[%clk 1:31:38]} 4.Nf3 {[%clk
1:30:44]} 4...Bf5 {[%clk 1:28:50]} 5.Bd3 {[%clk 1:26:17]} 5...Bxd3 {[%clk
1:24:49]} 6.Qxd3 {[%clk 1:26:41]} 6...Nc6 {[%clk 1:25:07]} 7.O-O {[%clk
1:24:34]} 7...Bd6 {[%clk 1:25:09]} 8.Nc3 {[%clk 1:01:08]} 8...Nge7 {[%clk
1:23:01]} 9.Re1 {[%clk 0:51:19]} 9...Nb4 {[%clk 1:10:08]} 10.Qe2 {[%clk
0:50:26]} 10...O-O {[%clk 1:07:40]} 11.Nb5 {[%clk 0:45:56]} 11...Ng6 {[%clk
1:01:40]} 12.c3 {[%clk 0:45:38]} 12...Nc6 {[%clk 1:00:58]} 13.Nxd6 {[%clk
0:43:45]} 13...Qxd6 {[%clk 1:01:17]} 14.Qd3 {[%clk 0:43:24]} 14...Rae8 {[%clk
0:56:21]} 15.Bd2 {[%clk 0:43:28]} 15...Qd7 {[%clk 0:56:19]} 16.Rxe8 {[%clk
0:31:56]} 1/2-1/2

[Event "Najdorf Memorial"]
[Site "Warsaw POL"]
[Date "2021.07.16"]
[Round "7.5"]
[White "Gumularz, Szymon"]
[Black "Kowalski, Igor"]
[Result "1/2-1/2"]
[WhiteElo "2515"]
[BlackElo "2349"]
[EventDate "2021.07.10"]
[PlyCount "60"]
[LiveChessVersion "1.4.8"]

1.d4 {[%clk 1:29:13]} 1...d5 {[%clk 1:30:58]} 2.c4 {[%clk 1:29:03]} 2...c6
{[%clk 1:31:23]} 3.Nc3 {[%clk 1:29:07]} 3...Nf6 {[%clk 1:31:49]} 4.e3 {[%clk
1:29:29]} 4...e6 {[%clk 1:32:14]} 5.Nf3 {[%clk 1:29:53]} 5...Nbd7 {[%clk
1:32:40]} 6.Be2 {[%clk 1:27:24]} 6...Bd6 {[%clk 1:32:07]} 7.O-O {[%clk 1:27:44]}
7...O-O {[%clk 1:27:51]} 8.b3 {[%clk 1:28:01]} 8...b6 {[%clk 1:27:30]} 9.Bb2
{[%clk 1:28:25]} 9...Bb7 {[%clk 1:27:57]} 10.Bd3 {[%clk 1:26:56]} 10...Qe7
{[%clk 1:26:37]} 11.Re1 {[%clk 1:22:47]} 11...dxc4 {[%clk 1:11:38]} 12.bxc4
{[%clk 1:22:09]} 12...e5 {[%clk 1:11:58]} 13.Qc2 {[%clk 1:01:02]} 13...Rfe8
{[%clk 0:59:58]} 14.Ne4 {[%clk 0:57:30]} 14...Nxe4 {[%clk 0:58:00]} 15.Bxe4
{[%clk 0:57:57]} 15...g6 {[%clk 0:58:01]} 16.c5 {[%clk 0:55:14]} 16...bxc5
{[%clk 0:56:48]} 17.dxe5 {[%clk 0:55:17]} 17...Nxe5 {[%clk 0:57:05]} 18.Nd2
{[%clk 0:55:38]} 18...Ng4 {[%clk 0:41:00]} 19.f4 {[%clk 0:33:55]} 19...Qh4
{[%clk 0:31:55]} 20.h3 {[%clk 0:16:17]} 20...Qf2+ {[%clk 0:31:26]} 21.Kh1
{[%clk 0:16:45]} 21...Rxe4 {[%clk 0:31:20]} 22.Qxe4 {[%clk 0:15:07]} 22...Qxe1+
{[%clk 0:19:50]} 23.Rxe1 {[%clk 0:15:31]} 23...Nf2+ {[%clk 0:20:18]} 24.Kg1
{[%clk 0:15:56]} 24...Nxe4 {[%clk 0:20:45]} 25.Nxe4 {[%clk 0:16:22]} 25...Be7
{[%clk 0:21:12]} 26.Bf6 {[%clk 0:13:38]} 26...Bxf6 {[%clk 0:18:15]} 27.Nxf6+
{[%clk 0:14:04]} 27...Kg7 {[%clk 0:18:42]} 28.Ne4 {[%clk 0:14:25]} 28...Rd8
{[%clk 0:18:35]} 29.Nxc5 {[%clk 0:12:11]} 29...Bc8 {[%clk 0:19:00]} 30.Kf2
{[%clk 0:11:58]} 30...Rd5 {[%clk 0:18:29]} 1/2-1/2

[Event "Najdorf Memorial"]
[Site "Warsaw POL"]
[Date "2021.07.16"]
[Round "7.6"]
[White "Deszczynski, Adam"]
[Black "Kanarek, Marcel"]
[Result "0-1"]
[WhiteElo "2311"]
[BlackElo "2498"]
[EventDate "2021.07.10"]
[PlyCount "174"]
[LiveChessVersion "1.4.8"]

1.Nf3 {[%clk 1:29:59]} 1...c5 {[%clk 1:29:57]} 2.c4 {[%clk 1:28:02]} 2...g6
{[%clk 1:27:43]} 3.Nc3 {[%clk 1:22:14]} 3...Bg7 {[%clk 1:27:32]} 4.e3 {[%clk
1:18:47]} 4...Nf6 {[%clk 1:26:22]} 5.d4 {[%clk 1:18:56]} 5...O-O {[%clk
1:23:47]} 6.Be2 {[%clk 1:13:58]} 6...cxd4 {[%clk 1:11:57]} 7.Nxd4 {[%clk
1:11:35]} 7...Nc6 {[%clk 1:05:07]} 8.O-O {[%clk 1:05:46]} 8...d6 {[%clk
1:02:40]} 9.b3 {[%clk 1:00:18]} 9...d5 {[%clk 0:54:58]} 10.Nxc6 {[%clk 0:56:19]}
10...bxc6 {[%clk 0:55:18]} 11.Bb2 {[%clk 0:56:34]} 11...Ba6 {[%clk 0:37:21]}
12.cxd5 {[%clk 0:44:22]} 12...Bxe2 {[%clk 0:37:42]} 13.Qxe2 {[%clk 0:44:39]}
13...cxd5 {[%clk 0:37:27]} 14.Rfd1 {[%clk 0:44:33]} 14...Qa5 {[%clk 0:32:52]}
15.Rac1 {[%clk 0:41:27]} 15...Rfc8 {[%clk 0:24:25]} 16.Qb5 {[%clk 0:31:56]}
16...Qb6 {[%clk 0:23:16]} 17.Qe2 {[%clk 0:28:34]} 17...e6 {[%clk 0:17:50]}
18.Na4 {[%clk 0:27:54]} 18...Qb4 {[%clk 0:17:43]} 19.Bc3 {[%clk 0:22:22]}
19...Qa3 {[%clk 0:15:25]} 20.Qb2 {[%clk 0:22:34]} 20...Qxb2 {[%clk 0:15:05]}
21.Bxb2 {[%clk 0:23:01]} 21...Nd7 {[%clk 0:13:24]} 22.Bxg7 {[%clk 0:18:43]}
22...Kxg7 {[%clk 0:13:45]} 23.h4 {[%clk 0:17:39]} 23...Kf6 {[%clk 0:12:00]}
24.Kf1 {[%clk 0:16:11]} 24...Ke5 {[%clk 0:10:01]} 25.Ke2 {[%clk 0:16:07]}
25...Kd6 {[%clk 0:09:08]} 26.Nc3 {[%clk 0:12:20]} 26...Ke7 {[%clk 0:07:16]}
27.e4 {[%clk 0:12:08]} 27...dxe4 {[%clk 0:06:30]} 28.Nxe4 {[%clk 0:12:31]}
28...f5 {[%clk 0:04:40]} 29.Nc3 {[%clk 0:09:02]} 29...Nb6 {[%clk 0:02:20]}
30.Na4 {[%clk 0:03:52]} 30...Nxa4 {[%clk 0:01:56]} 31.bxa4 {[%clk 0:04:19]}
31...Rab8 {[%clk 0:01:58]} 32.g3 {[%clk 0:02:55]} 32...a5 {[%clk 0:01:13]}
33.a3 {[%clk 0:02:40]} 33...Rb2+ {[%clk 0:00:42]} 34.Kf1 Rcc2 {[%clk 0:00:42]}
35.Rxc2 {[%clk 0:03:02]} 35...Rxc2 {[%clk 0:01:12]} 36.Rb1 {[%clk 0:01:55]}
36...Rc4 {[%clk 0:01:14]} 37.Rb7+ {[%clk 0:01:57]} 37...Kf6 {[%clk 0:00:51]}
38.Rxh7 {[%clk 0:01:32]} 38...Rxa4 {[%clk 0:01:20]} 39.f4 {[%clk 0:01:40]}
39...Rxa3 {[%clk 0:01:11]} 40.Kf2 {[%clk 0:31:58]} 40...Ra2+ {[%clk 0:30:33]}
41.Kf3 {[%clk 0:32:11]} 41...Ra3+ {[%clk 0:11:22]} 42.Kf2 {[%clk 0:32:08]}
42...e5 {[%clk 0:11:41]} 43.fxe5+ {[%clk 0:31:42]} 43...Kxe5 {[%clk 0:12:10]}
44.Re7+ {[%clk 0:31:44]} 44...Kf6 {[%clk 0:07:39]} 45.Ra7 {[%clk 0:31:57]}
45...a4 {[%clk 0:07:23]} 46.Ra6+ {[%clk 0:30:37]} 46...Kg7 {[%clk 0:07:45]}
47.Ra8 {[%clk 0:30:41]} 47...Ra1 {[%clk 0:04:21]} 48.Kg2 {[%clk 0:27:27]}
48...Kh6 {[%clk 0:04:49]} 49.Rh8+ {[%clk 0:27:35]} 49...Kg7 50.Ra8 {[%clk
0:27:51]} 50...a3 {[%clk 0:04:13]} 51.Kh2 {[%clk 0:25:26]} 51...Ra2+ {[%clk
0:03:47]} 52.Kh3 {[%clk 0:25:25]} 52...Kh7 {[%clk 0:01:54]} 53.Ra7+ {[%clk
0:20:02]} 53...Kg8 {[%clk 0:02:22]} 54.Ra6 {[%clk 0:18:51]} 54...Kf7 {[%clk
0:02:47]} 55.Ra7+ {[%clk 0:18:14]} 55...Ke6 {[%clk 0:03:16]} 56.Ra6+ {[%clk
0:18:12]} 56...Kf7 {[%clk 0:00:55]} 57.Ra7+ {[%clk 0:18:31]} 57...Ke8 {[%clk
0:00:39]} 58.Ra6 {[%clk 0:18:49]} 58...Ra1 {[%clk 0:00:55]} 59.Kg2 {[%clk
0:18:55]} 59...Kf7 {[%clk 0:01:21]} 60.Ra7+ {[%clk 0:18:47]} 60...Ke6 {[%clk
0:00:46]} 61.Ra6+ {[%clk 0:18:44]} 61...Kf7 {[%clk 0:00:42]} 62.Ra7+ {[%clk
0:18:03]} 62...Kf6 {[%clk 0:00:56]} 63.Ra6+ {[%clk 0:18:12]} 63...Kg7 {[%clk
0:01:24]} 64.Ra8 {[%clk 0:18:21]} 64...Kh7 {[%clk 0:01:39]} 65.Kh2 {[%clk
0:18:14]} 65...Ra2+ {[%clk 0:01:31]} 66.Kh3 {[%clk 0:18:36]} 66...Kg7 {[%clk
0:01:30]} 67.Ra7+ {[%clk 0:15:22]} 67...Kh6 {[%clk 0:01:58]} 68.Ra8 {[%clk
0:15:36]} 68...g5 {[%clk 0:01:12]} 69.hxg5+ {[%clk 0:15:39]} 69...Kxg5 {[%clk
0:01:39]} 70.Ra6 {[%clk 0:15:52]} 70...Ra1 {[%clk 0:01:34]} 71.Kg2 {[%clk
0:16:04]} 71...Kh5 {[%clk 0:00:55]} 72.Kf3 {[%clk 0:14:02]} 72...Kg5 {[%clk
0:01:18]} 73.Kg2 {[%clk 0:14:11]} 73...f4 {[%clk 0:01:30]} 74.Ra4 {[%clk
0:02:04]} 74...fxg3 {[%clk 0:01:14]} 75.Kxg3 {[%clk 0:00:54]} 75...Kf5 {[%clk
0:01:09]} 76.Kh2 {[%clk 0:00:47]} 76...Kg5 {[%clk 0:00:38]} 77.Kg2 {[%clk
0:00:53]} 77...Kf5 {[%clk 0:01:00]} 78.Kh2 {[%clk 0:01:13]} 78...Ke5 {[%clk
0:01:27]} 79.Rg4 {[%clk 0:00:45]} 79...Ra2+ {[%clk 0:00:44]} 80.Kh3 {[%clk
0:00:37]} 80...Rb2 {[%clk 0:00:39]} 81.Ra4 {[%clk 0:00:34]} 81...a2 {[%clk
0:00:39]} 82.Kg3 {[%clk 0:00:41]} 82...Kd5 {[%clk 0:01:01]} 83.Kf3 {[%clk
0:00:52]} 83...Kc5 {[%clk 0:01:19]} 84.Ke3 {[%clk 0:00:44]} 84...Kb5 {[%clk
0:01:46]} 85.Ra8 {[%clk 0:00:38]} 85...Kc4 {[%clk 0:01:01]} 86.Ra7 {[%clk
0:00:41]} 86...Kc3 {[%clk 0:01:10]} 87.Rc7+ {[%clk 0:00:34]} 87...Kb3 {[%clk
0:01:20]} 0-1

[Event "Najdorf Memorial"]
[Site "Warsaw POL"]
[Date "2021.07.16"]
[Round "7.7"]
[White "Romanishin, Oleg M"]
[Black "Seemann, Jakub"]
[Result "1-0"]
[WhiteElo "2404"]
[BlackElo "2300"]
[EventDate "2021.07.10"]
[PlyCount "49"]
[LiveChessVersion "1.4.8"]

1.Nf3 {[%clk 1:30:57]} 1...Nf6 {[%clk 1:30:47]} 2.g3 {[%clk 1:31:23]} 2...d5
{[%clk 1:31:07]} 3.Bg2 {[%clk 1:31:43]} 3...e6 {[%clk 1:31:29]} 4.c4 {[%clk
1:31:59]} 4...Be7 {[%clk 1:31:45]} 5.d4 {[%clk 1:32:20]} 5...O-O {[%clk
1:32:04]} 6.Qc2 {[%clk 1:32:37]} 6...c5 {[%clk 1:32:25]} 7.dxc5 {[%clk 1:24:26]}
7...Qa5+ {[%clk 1:31:55]} 8.Nc3 {[%clk 1:22:38]} 8...dxc4 {[%clk 1:32:12]}
9.O-O {[%clk 1:21:41]} 9...Nc6 {[%clk 1:32:35]} 10.Bg5 {[%clk 1:13:56]}
10...Qxc5 {[%clk 1:32:21]} 11.Bxf6 {[%clk 1:14:14]} 11...gxf6 {[%clk 1:32:44]}
12.Rad1 {[%clk 1:05:51]} 12...f5 {[%clk 1:28:41]} 13.e4 {[%clk 0:49:05]}
13...Nb4 {[%clk 1:17:43]} 14.Qe2 {[%clk 0:48:50]} 14...Bf6 {[%clk 0:56:31]}
15.Nd2 {[%clk 0:47:06]} 15...Nd3 {[%clk 0:53:38]} 16.exf5 {[%clk 0:43:16]}
16...exf5 {[%clk 0:48:16]} 17.Nxc4 {[%clk 0:35:41]} 17...Bxc3 {[%clk 0:39:38]}
18.bxc3 {[%clk 0:33:20]} 18...Qxc4 {[%clk 0:38:44]} 19.Rxd3 {[%clk 0:33:02]}
19...Be6 {[%clk 0:37:13]} 20.Qe3 {[%clk 0:32:49]} 20...f4 {[%clk 0:18:52]}
21.gxf4 {[%clk 0:32:35]} 21...Rae8 {[%clk 0:18:13]} 22.Rd4 {[%clk 0:28:35]}
22...Qxa2 {[%clk 0:17:30]} 23.Re4 {[%clk 0:28:54]} 23...Bd7 {[%clk 0:16:14]}
24.f5 {[%clk 0:24:00]} 24...Qa6 {[%clk 0:13:11]} 25.Rg4+ {[%clk 0:23:35]} 1-0